Antike Rhetorik. Technik und Methode
Kaydedildi:
| Yazar: | |
|---|---|
| Materyal Türü: | Kitap |
| Baskı/Yayın Bilgisi: |
München, Deutschland:
C.H.Beck'sche,
1974.
|
| Konular: | |
| Etiketler: |
Etiketle
Etiket eklenmemiş, İlk siz ekleyin!
|
MARC
| LEADER | 00000nam a22000007a 4500 | ||
|---|---|---|---|
| 003 | CL-VaPUC | ||
| 005 | 20230126100143.0 | ||
| 008 | 220809t1974 ||||| |||| 00| 0 eng d | ||
| 999 | |c 438188 |d 438186 | ||
| 020 | |a 3-406-04770-X | ||
| 040 | |c Pontificia Universidad Católica de Valparaíso | ||
| 082 | 7 | |a 808.048 MAR 1974 |2 22 | |
| 100 | 1 | |a Martin, Josef |e author |9 875218 | |
| 245 | |a Antike Rhetorik. |b Technik und Methode | ||
| 260 | |a München, Deutschland: |b C.H.Beck'sche, |c 1974. | ||
| 300 | |a 420 páginas. | ||
| 583 | |c 20220809 |k GC | ||
| 650 | |a Retórica antigua |9 265653 | ||
| 942 | |2 ddc |c BK | ||
| 952 | |0 0 |1 0 |2 ddc |4 0 |6 808_048000000000000_MAR_1974 |7 1 |8 C_AGB |9 586068 |a BIBDER |b BIBDER |d 2022-08-09 |e Donación |i 5654031 |o 808.048 MAR 1974 |p 5654031 |r 2023-01-25 |t 1 |w 2022-08-09 |y BK_US |k AGB | ||